Statistics for Big Bash Cricket Teams

Click here to take the quiz!

General Stats

  • This quiz has been taken 618 times
  • The average score is 7 of 8

Answer Stats

HintAnswer% Correct
3Sydney Sixers
93%
7Brisbane Heat
91%
1Melbourne Stars
90%
6Perth Scorchers
90%
2Melbourne Renegades
89%
8Hobart Hurricanes
88%
4Sydney Thunder
88%
5Adelaide Strikers
84%

Score Distribution

Percentile by Number Answered

Percent of People with Each Score

Your Score History

You have not taken this quiz